Suomen matalimmat - Statistics

Yleistilastot
  • Tätä visaa on pelattu 33 kertaa
  • Keskiarvotulos 7 / 12
Vastaustilastot
% Oikein
Matalin olympiamitalien määrä olympialaisissa (Pariisi 2024) 0 mitalia
96%
Matalin ikä kansanedustajalla noustessa eduskuntaan (Erkki Liikanen) 21 vuotta
85%
Matalin ikä kokoonpanossa olevalla pelaajalla jääkiekon SM-liigan historiassa (Ilmo Uotila) 15 vuotta
81%
Matalin sotilasarvo maa- ja ilmavoimissa Sotamies
70%
Matalin suomenkielisten osuus maakunnassa Ahvenanmaa
59%
Matalin korkeakoulutettujen osuus maakunnassa Kainuu
52%
Matalin rikollisuusaste (Suomen 10 suurinta kaupunkia, 2024) Kuopio
48%
Matalin kohta (Syvin järvi) Päijänne
48%
Matalin kunnallisveroprosentti (vuonna 2026) Kauniainen
44%
Matalin sotilasarvo merivoimissa Matruusi
41%
Matalin lämpötila (Kittilä 1999) -51,5
19%
Matalin ikä tasavallan presidentillä (41 vuotta) Lauri Relander
19%
Ehtoja vastaavia visoja ei löytynyt
Tulosjakauma
Jokaisen tuloksen saaneiden osuus
Persentiili vastausten määrän mukaan
Tuloshistoriasi
Et ole pelannut tätä visaa